Ship breaker

Salvato in:
Dettagli Bibliografici
Autore principale: Bacigalupi, Paolo Tadini (Autore)
Natura: Libro
Lingua:inglese
Pubblicazione: Nueva York Little Brown and Company 2017
Edizione:1a. ed
Soggetti:
Tags: Aggiungi Tag
Nessun Tag, puoi essere il primo ad aggiungerne!!

MARC

LEADER 00000cam a2200000 a 4500
001 UCC3109
003 CL-VaPUC
008 180413e20170900us |||||||||||||||||eng|d
020 |a 9780316056212 
082 0 4 |a 813  |b BAC  |2 21 
100 0 |a Bacigalupi, Paolo Tadini  |e author  |9 597180 
245 1 0 |a Ship breaker 
250 |a 1a. ed 
300 |a 326 p 
942 |c BK 
945 |d 20180413 15:45:00  |a arojas 
260 |a Nueva York  |b Little Brown and Company  |c 2017 
650 0 |a Novelas estadounidenses  |9 265217 
650 0 |a Literatura estadounidense  |9 317168 
650 0 |a Ficción narrativa  |9 387672 
583 |a last modification  |c 20180413 15:45:00  |k Rodrigo Vera 
999 |c 370963  |d 370961 
952 |0 0  |1 0  |3 erb  |4 0  |6 813_000000000000000_BAC_2017  |7 0  |8 C  |9 487767  |a BIBCUR  |b BIBCUR  |i 5464013  |l 1  |o 813 BAC 2017  |p 5464013  |r 2025-04-22  |s 2024-04-05  |w 2019-11-24  |y BK  |z Catalogado en:20180413  |k CAC